00301nam a2200133Ia 45000030006000000080041000060400015000471000026000622450013000882600029001013000006001305460014001360050017001500STCL150530s9999 xx 000 0 und d aSTCLcSTCL aKrishna Wariyer, N.V. aPuzhakal bCalicut Universityc1995 a0 aMalayalam20220125170740.0